| 000 | 00647nam a2200265Ia 4500 | ||
|---|---|---|---|
| 005 | 20260306164414.0 | ||
| 008 | 008 260114s9999 xx 000 0 eng d | ||
| 020 | _a9780226392028 | ||
| 037 | _aEBOOK | ||
| 040 | _aCRL | ||
| 040 | _beng | ||
| 040 | _cCRL | ||
| 041 | _2eng | ||
| 041 | _aeng | ||
| 084 | _qCRL | ||
| 100 |
_aJames, Edwards, Wong _91130653 |
||
| 245 | 4 | _aThe Gender Impact Of Social Security Reform | |
| 260 | _bUniversity of Chicago Press | ||
| 260 | _c2013 | ||
| 650 | _aEconomics & Finance | ||
| 856 | _uhttps://academic.oup.com/book/18669 | ||
| 942 | _cEBOOK | ||
| 999 |
_c1713956 _d1713956 |
||